| 000 | 00418nam a2200157 a 4500 | ||
|---|---|---|---|
| 001 | 744 | ||
| 003 | CDMR | ||
| 005 | 20130920101258.0 | ||
| 008 | 130130s1976||||||||||||||||||||||||||||d | ||
| 040 |
_aCDMR _bcat _cCDMR |
||
| 100 | 1 |
_aGarcía Navarro, Ana María _9575 |
|
| 245 | 1 | 0 | _aDiccionario francés |
| 260 |
_aBarcelona _c1976 _bHerder |
||
| 505 | _aConté: I. Francés-español ; II. Español-francés | ||
| 942 |
_cMON _2udc |
||
| 999 |
_c744 _d744 |
||